Normal view
MARC view
Entry Topical Term
001 - CONTROL NUMBER
- control field: 16815
003 - CONTROL NUMBER IDENTIFIER
- control field: OSt
005 - DATE AND TIME OF LATEST TRANSACTION
- control field: 20200313150836.0
008 - FIXED-LENGTH DATA ELEMENTS
- fixed length control field: 200313|| aca||aabn | a|a d
040 ## - CATALOGING SOURCE
- Original cataloging agency: OSt
- Transcribing agency: OSt
150 ## - HEADING--TOPICAL TERM
- Topical term or geographic name entry element: Transparency
670 ## - SOURCE DATA FOUND
- Source citation: Work cat.: (OSt): Bunea, Adriana 16814, Regulating lobbying through voluntary transparency clubs: The connoisseurs’ assessment. Evidence from the European Union
